000
00195 a2200097 4500
001
8458
090
_c
6824
_d
6824
100
_a
Shaw,B
245
_a
Androcles & the lion
_h
English
260
_b
Longmans
_a
1957
942
_a
NUST-CAE
999
_c
243531
_d
243531